NLSUI OPAC header image

The logic of writing and the organization of society / (Record no. 5887)

MARC details
000 -LEADER
fixed length control field 01004pam a2200301 a 4500
001 - CONTROL NUMBER
control field 2878079
005 - DATE AND TIME OF LATEST TRANSACTION
control field 20260213092740.0
008 - FIXED-LENGTH DATA ELEMENTS--GENERAL INFORMATION
fixed length control field 860414s1986 enk b 001 0 eng
010 ## - LIBRARY OF CONGRESS CONTROL NUMBER
LC control number 86009717
020 ## - INTERNATIONAL STANDARD BOOK NUMBER
International Standard Book Number 0521327458
020 ## - INTERNATIONAL STANDARD BOOK NUMBER
International Standard Book Number 0521339626
020 ## - INTERNATIONAL STANDARD BOOK NUMBER
International Standard Book Number 9780521327459
020 ## - INTERNATIONAL STANDARD BOOK NUMBER
International Standard Book Number 9780521339629 (pbk.)
082 00 - DEWEY DECIMAL CLASSIFICATION NUMBER
Classification number 306 GOO
100 1# - MAIN ENTRY--PERSONAL NAME
Personal name Goody, Jack.
245 14 - TITLE STATEMENT
Title The logic of writing and the organization of society /
Statement of responsibility, etc. Jack Goody.
260 ## - PUBLICATION, DISTRIBUTION, ETC.
Place of publication, distribution, etc. Cambridge ;
Name of publisher, distributor, etc. Cambridge University Press,
Date of publication, distribution, etc. 1986.
300 ## - PHYSICAL DESCRIPTION
Extent xvii, 213 p. ;
Dimensions 22 cm.
440 #0 - SERIES STATEMENT/ADDED ENTRY--TITLE
Title Studies in literacy, family, culture, and the state
500 ## - GENERAL NOTE
General note Includes index.
504 ## - BIBLIOGRAPHY, ETC. NOTE
Bibliography, etc. note Bibliography: p. 194-205.
650 #0 - SUBJECT ADDED ENTRY--TOPICAL TERM
Topical term or geographic name entry element Writing
General subdivision History.
650 #0 - SUBJECT ADDED ENTRY--TOPICAL TERM
Topical term or geographic name entry element Writing
General subdivision Social aspects.
650 #0 - SUBJECT ADDED ENTRY--TOPICAL TERM
Topical term or geographic name entry element Social evolution.
856 42 - ELECTRONIC LOCATION AND ACCESS
Materials specified Publisher description
Uniform Resource Identifier <a href="http://www.loc.gov/catdir/description/cam023/86009717.html">http://www.loc.gov/catdir/description/cam023/86009717.html</a>
856 41 - ELECTRONIC LOCATION AND ACCESS
Materials specified Table of contents
Uniform Resource Identifier <a href="http://www.loc.gov/catdir/toc/cam021/86009717.html">http://www.loc.gov/catdir/toc/cam021/86009717.html</a>
942 ## - ADDED ENTRY ELEMENTS (KOHA)
Source of classification or shelving scheme Dewey Decimal Classification
Koha item type BOOKs
Holdings
Withdrawn status Lost status Damaged status Not for loan Home library Current library Shelving location Date acquired Cost, normal purchase price Total Checkouts Full call number Barcode Date last seen Price effective from Koha item type
        . .   30.05.2017 6.95   306 GOO 6080 30.05.2017 30.05.2017 BOOKs